| 000 | 00537 a2200169 4500 | ||
|---|---|---|---|
| 020 |
_a9780689868580 _c106.25 |
||
| 035 | _aB-212084 | ||
| 037 | _bRP-RKP-8-11/ UBH-07-08:SPL CH / RP-07-08:ENG | ||
| 082 | 1 | 4 | _aS |
| 090 |
_c6238 _d6238 |
||
| 245 | 1 |
_aSecret of the spa _cby Carolyn Keene |
|
| 260 |
_aNew York _bAladdin Paperbacks _c2005 |
||
| 300 |
_a150 p _c19 cm (pbk) |
||
| 490 | _aNancy Drew girl detective 9 | ||
| 942 |
_adpl _cEN _kS / KEE |
||
| 999 |
_c6124 _d6124 |
||